<?xml version="1.0" encoding="UTF-8"?>
<record
    xmlns:xsi="http://www.w3.org/2001/XMLSchema-instance"
    xsi:schemaLocation="http://www.loc.gov/MARC21/slim http://www.loc.gov/standards/marcxml/schema/MARC21slim.xsd"
    xmlns="http://www.loc.gov/MARC21/slim">

  <leader>01103nam2a22002531  4500</leader>
  <controlfield tag="001">RU\NLR\INFOCOMM6\1000417693</controlfield>
  <controlfield tag="005">20250617045519.0</controlfield>
  <datafield tag="035" ind1=" " ind2=" ">
    <subfield code="a">(NLR Aleph) 002463576</subfield>
  </datafield>
  <datafield tag="090" ind1=" " ind2=" ">
    <subfield code="a">2274244</subfield>
    <subfield code="c">2274244</subfield>
  </datafield>
  <datafield tag="100" ind1=" " ind2=" ">
    <subfield code="a">20040330d1973    |||y0rusy50      ca</subfield>
  </datafield>
  <datafield tag="101" ind1="0" ind2=" ">
    <subfield code="a">rus</subfield>
  </datafield>
  <datafield tag="102" ind1=" " ind2=" ">
    <subfield code="a">RU</subfield>
  </datafield>
  <datafield tag="105" ind1=" " ind2=" ">
    <subfield code="a">y   |||||||||</subfield>
  </datafield>
  <datafield tag="200" ind1="1" ind2=" ">
    <subfield code="a">&#x41C;&#x435;&#x442;&#x43E;&#x434; &#x441;&#x438;&#x43B;&#x44C;&#x43D;&#x43E;&#x439; &#x441;&#x432;&#x44F;&#x437;&#x438; &#x432; &#x441;&#x43A;&#x430;&#x43B;&#x44F;&#x440;&#x43D;&#x43E;&#x439; SU (3) - &#x441;&#x438;&#x43C;&#x43C;&#x435;&#x442;&#x440;&#x438;&#x447;&#x43D;&#x43E;&#x439; &#x442;&#x435;&#x43E;&#x440;&#x438;&#x438;</subfield>
    <subfield code="f">&#x410;.&#x41D;. &#x422;&#x43E;&#x43B;&#x441;&#x442;&#x435;&#x43D;&#x43A;&#x43E;&#x432; &#x438; &#x434;&#x440;.</subfield>
  </datafield>
  <datafield tag="210" ind1=" " ind2=" ">
    <subfield code="d">1973</subfield>
    <subfield code="a">&#x411;. &#x43C;.</subfield>
  </datafield>
  <datafield tag="461" ind1=" " ind2="0">
    <subfield code="1">001RU\NLR\INFOCOMM6\1000416985</subfield>
    <subfield code="1">2001#$a[&#x418;&#x437;&#x434;&#x430;&#x43D;&#x438;&#x44F;]$f&#x418;&#x43D;-&#x442; &#x444;&#x438;&#x437;&#x438;&#x43A;&#x438; &#x432;&#x44B;&#x441;&#x43E;&#x43A;&#x438;&#x445; &#x44D;&#x43D;&#x435;&#x440;&#x433;&#x438;&#x439;. &#x418;&#x424;&#x412;&#x42D;$v1973, 82</subfield>
    <subfield code="9">3998336</subfield>
    <subfield code="a">&#x418;&#x43D;&#x441;&#x442;&#x438;&#x442;&#x443;&#x442; &#x444;&#x438;&#x437;&#x438;&#x43A;&#x438; &#x432;&#x44B;&#x441;&#x43E;&#x43A;&#x438;&#x445; &#x44D;&#x43D;&#x435;&#x440;&#x433;&#x438;&#x439; (&#x43F;&#x43E;&#x441;. &#x41F;&#x440;&#x43E;&#x442;&#x432;&#x438;&#x43D;&#x43E;, &#x41C;&#x43E;&#x441;&#x43A;&#x43E;&#x432;&#x441;&#x43A;&#x430;&#x44F; &#x43E;&#x431;&#x43B;.)</subfield>
    <subfield code="c">&#x421;&#x435;&#x440;&#x43F;&#x443;&#x445;&#x43E;&#x432;</subfield>
    <subfield code="d">1967-</subfield>
    <subfield code="f">&#x418;&#x43D;-&#x442; &#x444;&#x438;&#x437;&#x438;&#x43A;&#x438; &#x432;&#x44B;&#x441;&#x43E;&#x43A;&#x438;&#x445; &#x44D;&#x43D;&#x435;&#x440;&#x433;&#x438;&#x439;. &#x418;&#x424;&#x412;&#x42D;</subfield>
    <subfield code="t">[&#x418;&#x437;&#x434;&#x430;&#x43D;&#x438;&#x44F;]</subfield>
    <subfield code="v">1973, 82</subfield>
  </datafield>
  <datafield tag="700" ind1=" " ind2="1">
    <subfield code="a">&#x422;&#x43E;&#x43B;&#x441;&#x442;&#x435;&#x43D;&#x43A;&#x43E;&#x432;</subfield>
    <subfield code="b">&#x410;.&#x41D;.</subfield>
    <subfield code="4">070</subfield>
  </datafield>
  <datafield tag="801" ind1=" " ind2="1">
    <subfield code="a">RU</subfield>
    <subfield code="b">InfoComm</subfield>
    <subfield code="c">20040330</subfield>
  </datafield>
  <datafield tag="801" ind1=" " ind2="0">
    <subfield code="a">RU</subfield>
    <subfield code="b">NLR</subfield>
    <subfield code="g">PSBO</subfield>
  </datafield>
  <datafield tag="852" ind1=" " ind2=" ">
    <subfield code="a">NLR</subfield>
    <subfield code="j">&#x41F;7/1175</subfield>
  </datafield>
  <datafield tag="942" ind1=" " ind2=" ">
    <subfield code="c">ISSUE</subfield>
  </datafield>
  <datafield tag="980" ind1=" " ind2=" ">
    <subfield code="a">NB</subfield>
  </datafield>
  <datafield tag="980" ind1=" " ind2=" ">
    <subfield code="a">RUSPER</subfield>
  </datafield>
</record>
